[Event "Madrid ch 2009-2010 Sub 18"]
[Site "Madrid ESP"]
[Date "2010.01.02"]
[Round "6.5"]
[White "Negredo Bahamonde, Miguel Angel"]
[Black "Madurga López, Ignacio"]
[Result "0-1"]
[WhiteElo "1763"]
[BlackElo "1903"]
[PlyCount "58"]
[EventDate "2009.12.26"]
[EventType "swiss"]
[EventRounds "7"]
[EventCountry "ESP"]
[Source "lmi"]
[SourceDate "2009.12.26"]

1. e4 c5 2. Nf3 d6 3. d4 cxd4 4. Nxd4 Nf6 5. Nc3 a6 6. Be3 e5 7. Nb3 Be6 8. f3
h5 9. Qd2 Nbd7 10. a4 b6 11. Be2 Qc7 12. Nc1 Qb7 13. N1a2 d5 14. exd5 Nxd5 15.
Nxd5 Bxd5 16. Nb4 Nf6 17. Rd1 Be6 18. Qc3 Rc8 19. Qd2 Bxb4 20. Qxb4 Rxc2 21.
Qxb6 Qxb6 22. Bxb6 Nd5 23. Ba5 O-O 24. Rd2 Rc1+ 25. Bd1 Ne3 26. Kf2 Nc4 27. Bc3
Nxd2 28. Bxd2 Rb1 29. Bc3 Rd8 0-1

[Event "Madrid ch 2009-2010 Sub 18"]
[Site "Madrid ESP"]
[Date "2010.01.02"]
[Round "6.6"]
[White "Morona Minguez, Irene"]
[Black "Martin Duque, Jesus"]
[Result "0-1"]
[WhiteElo "1844"]
[BlackElo "2020"]
[PlyCount "50"]
[EventDate "2009.12.26"]
[EventType "swiss"]
[EventRounds "7"]
[EventCountry "ESP"]
[Source "lmi"]
[SourceDate "2009.12.26"]

1. e4 c5 2. Nf3 e6 3. d4 cxd4 4. Nxd4 Nf6 5. Nc3 d6 6. g4 h6 7. h4 Nc6 8. Rg1
d5 9. Bb5 Bd7 10. exd5 Nxd5 11. Nxd5 exd5 12. Be3 Be7 13. g5 hxg5 14. hxg5 Rh4
15. g6 Bf6 16. gxf7+ Kxf7 17. Bxc6 bxc6 18. Nf3 Rh3 19. Bd4 Qe7+ 20. Kf1 Rah8
21. Bxf6 gxf6 22. Qd3 Rh1 23. Qe2 Qb4 24. Qd3 Bh3+ 25. Ke2 Re8+ 0-1

[Event "Madrid ch 2009-2010 Sub 18"]
[Site "Madrid ESP"]
[Date "2010.01.02"]
[Round "6.7"]
[White "Cavalle Pulla, Daniel"]
[Black "Garcia Amodia, Daniel"]
[Result "1-0"]
[WhiteElo "1812"]
[BlackElo "2002"]
[PlyCount "103"]
[EventDate "2009.12.26"]
[EventType "swiss"]
[EventRounds "7"]
[EventCountry "ESP"]
[Source "lmi"]
[SourceDate "2009.12.26"]

1. e4 e6 2. d4 d5 3. Nc3 Bb4 4. e5 c5 5. a3 Bxc3+ 6. bxc3 Ne7 7. h4 Nbc6 8. h5
h6 9. Nf3 Qc7 10. Rb1 Bd7 11. g3 b6 12. Bf4 cxd4 13. cxd4 Nf5 14. Qd2 Na5 15.
Bd3 Nc4 16. Qc3 Rc8 17. Bxf5 Qb7 18. Bh3 Qa6 19. Qd3 Qxa3 20. O-O Qxd3 21. cxd3
Na3 22. Ra1 Nb5 23. Rfc1 O-O 24. Be3 a5 25. Bf1 Rc3 26. Rxc3 Nxc3 27. Bd2 Rc8
28. Rc1 Na2 29. Rb1 b5 30. Bxa5 b4 31. Rb2 Nc1 32. Bxb4 Bb5 33. Ne1 Ba4 34. Bc5
Nb3 35. Ra2 Be8 36. Rc2 Ba4 37. Ra2 Be8 38. Ra3 Nc1 39. Nf3 Rb8 40. Rc3 Rb1 41.
Kg2 Bb5 42. Nd2 Rb2 43. Rxc1 Rxd2 44. Rb1 Ba4 45. Rb8+ Kh7 46. Rf8 Bd1 47. Rxf7
Bxh5 48. Re7 Bg4 49. Rb7 h5 50. Bf8 Kg6 51. Rxg7+ Kf5 52. Be7 1-0

[Event "Madrid ch 2009-2010 Sub 18"]
[Site "Madrid ESP"]
[Date "2010.01.02"]
[Round "6.9"]
[White "Corisco Beltran, Rafael"]
[Black "Monge Gilgado, Eva Maria"]
[Result "0-1"]
[WhiteElo "1822"]
[BlackElo "1755"]
[PlyCount "126"]
[EventDate "2009.12.26"]
[EventType "swiss"]
[EventRounds "7"]
[EventCountry "ESP"]
[Source "lmi"]
[SourceDate "2009.12.26"]

1. e4 c5 2. Nf3 d6 3. d4 cxd4 4. Nxd4 Nf6 5. Nc3 g6 6. Be3 Bg7 7. f3 Nc6 8. Qd2
Nxd4 9. Bxd4 O-O 10. Bc4 a6 11. Bb3 b5 12. h4 Bd7 13. h5 a5 14. hxg6 hxg6 15.
Nd5 Re8 16. a3 a4 17. Ba2 Be6 18. g4 Bxd5 19. Bxd5 Rc8 20. g5 Nh5 21. O-O-O Qc7
22. Bxg7 Kxg7 23. c3 b4 24. Qd4+ Kg8 25. Qxb4 Rb8 26. Qxa4 Qb6 27. Qc2 Rec8 28.
Rd4 Nf4 29. Qh2 Nh5 30. Qd2 Ng3 31. Rg1 Ne2+ 32. Qxe2 Qxd4 33. Rd1 Qa4 34. Qc2
Qb5 35. a4 Qc5 36. Qd2 Rb4 37. b3 Qxc3+ 38. Qxc3 Rxc3+ 39. Kb2 Rxf3 40. Ka3 Rb8
41. a5 e6 42. Bc4 Ra8 43. Ka4 d5 44. exd5 Rf5 45. b4 Rf4 46. Bb3 Rb8 47. Rd3
Rfxb4+ 48. Ka3 exd5 49. Bxd5 R4b5 50. Ka4 Rb1 51. a6 R1b4+ 52. Ka3 R4b6 53. Bc4
Rc8 54. Rd4 Rc7 55. Ka4 Kf8 56. Ka5 Rb1 57. Bb5 Ke7 58. Kb6 Rc8 59. Rd7+ Ke6
60. a7 Ra8 61. Rb7 Kf5 62. Rb8 Rxb5+ 63. Kxb5 Rxa7 0-1

[Event "Madrid ch 2009-2010 Sub 18"]
[Site "Madrid ESP"]
[Date "2010.01.03"]
[Round "7.1"]
[White "Gemy Vargas, Daniel Jose"]
[Black "Nieto de la Cruz, Julio"]
[Result "1/2-1/2"]
[WhiteElo "2187"]
[BlackElo "2125"]
[PlyCount "32"]
[EventDate "2009.12.26"]
[EventType "swiss"]
[EventRounds "7"]
[EventCountry "ESP"]
[Source "lmi"]
[SourceDate "2009.12.26"]

1. d4 Nf6 2. Nf3 c5 3. g3 cxd4 4. Nxd4 e5 5. Nb3 d5 6. Bg2 Be6 7. Bg5 Nbd7 8.
Nc3 h6 9. Bd2 Be7 10. O-O O-O 11. e4 Nb6 12. exd5 Nfxd5 13. Nxd5 Bxd5 14. Ba5
Bxg2 15. Qxd8 Bxd8 16. Kxg2 Na4 1/2-1/2

[Event "Madrid ch 2009-2010 Sub 18"]
[Site "Madrid ESP"]
[Date "2010.01.03"]
[Round "7.2"]
[White "Adan Bermudez, Sergio"]
[Black "Suarez Uriel, Adrian"]
[Result "0-1"]
[WhiteElo "2277"]
[BlackElo "2119"]
[PlyCount "120"]
[EventDate "2009.12.26"]
[EventType "swiss"]
[EventRounds "7"]
[EventCountry "ESP"]
[Source "lmi"]
[SourceDate "2009.12.26"]

1. c4 e5 2. g3 Nf6 3. Bg2 h6 4. Nc3 Bb4 5. Nd5 Bc5 6. e3 Nxd5 7. cxd5 O-O 8.
Ne2 d6 9. O-O Bg4 10. h3 Bh5 11. g4 Bg6 12. d4 exd4 13. e4 c6 14. Nxd4 cxd5 15.
exd5 Re8 16. Be3 Nd7 17. Qd2 Ne5 18. Rac1 Qb6 19. Nf5 Bxe3 20. Nxe3 Nd3 21. Rc3
Nc5 22. Nc4 Qc7 23. Qf4 Rad8 24. Nxd6 Rxd6 25. Qc1 b6 26. b4 Rc8 27. bxc5 bxc5
28. Qa3 Rb6 29. Rfc1 Rb5 30. Qa4 Rcb8 31. Qa6 Qb6 32. Qxb6 axb6 33. d6 Rb4 34.
Rd1 Rd8 35. d7 Kf8 36. Re3 Rd4 37. Rde1 R4xd7 38. Bc6 Rd1 39. Rxd1 Rxd1+ 40.
Kg2 Rd8 41. Rb3 Rb8 42. a4 c4 43. Rc3 Rc8 44. Bb5 Bd3 45. Kf3 Ke7 46. Ke3 Ke6
47. Ba6 Rc5 48. f4 g5 49. Rc1 Kd6 50. Rd1 gxf4+ 51. Kxf4 Rd5 52. Bb7 Rd4+ 53.
Ke3 Kc5 54. Bf3 Rd6 55. Rc1 Kb4 56. Bd1 c3 57. h4 Bh7 58. Ke2 Rd2+ 59. Ke3 Rb2
60. Bf3 Rb1 0-1

[Event "Madrid ch 2009-2010 Sub 18"]
[Site "Madrid ESP"]
[Date "2010.01.03"]
[Round "7.3"]
[White "Martin Duque, Jesus"]
[Black "Fernandez Lledo, Javier"]
[Result "1/2-1/2"]
[WhiteElo "2020"]
[BlackElo "2064"]
[PlyCount "31"]
[EventDate "2009.12.26"]
[EventType "swiss"]
[EventRounds "7"]
[EventCountry "ESP"]
[Source "lmi"]
[SourceDate "2009.12.26"]

1. e4 c5 2. Nf3 Nc6 3. d4 cxd4 4. Nxd4 Nf6 5. Nc3 d6 6. f4 e5 7. Nf3 Be7 8. Bc4
O-O 9. O-O Qb6+ 10. Kh1 Be6 11. Bb3 exf4 12. Bxf4 Rfd8 13. Nd5 Qc5 14. Be3 Qa5
15. Bd2 Qc5 16. Be3 1/2-1/2

[Event "Madrid ch 2009-2010 Sub 18"]
[Site "Madrid ESP"]
[Date "2010.01.03"]
[Round "7.4"]
[White "Tejedor Ariza, Francisco"]
[Black "Madurga López, Ignacio"]
[Result "0-1"]
[WhiteElo "2124"]
[BlackElo "1903"]
[PlyCount "62"]
[EventDate "2009.12.26"]
[EventType "swiss"]
[EventRounds "7"]
[EventCountry "ESP"]
[Source "lmi"]
[SourceDate "2009.12.26"]

1. e4 c5 2. Nf3 d6 3. Qe2 Nc6 4. g3 e5 5. c3 g6 6. Bg2 Bg7 7. d3 Nge7 8. O-O
O-O 9. Be3 h6 10. Nbd2 f5 11. Nb3 f4 12. Bd2 g5 13. d4 g4 14. Qc4+ Kh7 15. Nh4
f3 16. Bh1 exd4 17. cxd4 Bxd4 18. Bf4 Bxb2 19. Rad1 Be5 20. Be3 Qe8 21. Qc1 Qh5
22. h3 gxh3 23. Nxf3 Rxf3 24. Kh2 Ng8 25. Bf4 Qg4 26. Nd2 Rxf4 27. f3 Qg7 28.
Nc4 Rxe4 29. Nxe5 Re2+ 30. Rf2 Rxf2+ 31. Kg1 Qxg3+ 0-1

[Event "Madrid ch 2009-2010 Sub 18"]
[Site "Madrid ESP"]
[Date "2010.01.03"]
[Round "7.5"]
[White "Collado Barbas, Laura"]
[Black "Rubio Campos, Juan"]
[Result "1/2-1/2"]
[WhiteElo "2104"]
[BlackElo "1771"]
[PlyCount "38"]
[EventDate "2009.12.26"]
[EventType "swiss"]
[EventRounds "7"]
[EventCountry "ESP"]
[Source "lmi"]
[SourceDate "2009.12.26"]

1. d4 d5 2. c4 e6 3. Nc3 c5 4. cxd5 exd5 5. e3 Nf6 6. Nf3 Nc6 7. Be2 c4 8. O-O
Bb4 9. Bd2 O-O 10. Rc1 Bxc3 11. Bxc3 b5 12. Ne5 Nxe5 13. dxe5 Ne4 14. Bb4 Re8
15. f3 a5 16. Be1 Nc5 17. Bf2 Ne6 18. Qd2 Bb7 19. Rfd1 Qc7 1/2-1/2

[Event "Madrid ch 2009-2010 Sub 18"]
[Site "Madrid ESP"]
[Date "2010.01.03"]
[Round "7.6"]
[White "Negredo Bahamonde, Miguel Angel"]
[Black "Cavalle Pulla, Daniel"]
[Result "0-1"]
[WhiteElo "1763"]
[BlackElo "1812"]
[PlyCount "72"]
[EventDate "2009.12.26"]
[EventType "swiss"]
[EventRounds "7"]
[EventCountry "ESP"]
[Source "lmi"]
[SourceDate "2009.12.26"]

1. e4 c5 2. Nf3 d6 3. d4 Nf6 4. Nc3 cxd4 5. Nxd4 g6 6. f4 Nc6 7. Nxc6 bxc6 8.
e5 Bg4 9. Be2 Bxe2 10. Qxe2 dxe5 11. fxe5 Nd5 12. e6 f5 13. Bg5 Bg7 14. Rd1 Qa5
15. Qc4 Bxc3+ 16. bxc3 Qxc3+ 17. Qxc3 Nxc3 18. Rd7 O-O 19. Rxe7 Rfe8 20. Rxe8+
Rxe8 21. e7 Ne4 22. Be3 Rxe7 23. O-O Nc3 24. Bc5 Re2 25. Bxa7 Rxc2 26. a3 Nb5
27. Rd1 Nxa7 28. Rd8+ Kf7 29. Rd7+ Ke6 30. Rxa7 c5 31. Rxh7 c4 32. Rc7 Kd5 33.
Kf1 Ra2 34. h3 Rxa3 35. Rd7+ Ke4 36. Rd2 c3 0-1

[Event "Madrid ch 2009-2010 Sub 18"]
[Site "Madrid ESP"]
[Date "2010.01.03"]
[Round "7.7"]
[White "Monge Gilgado, Eva Maria"]
[Black "Pablos Tenrero, Raquel"]
[Result "0-1"]
[WhiteElo "1755"]
[BlackElo "1859"]
[PlyCount "76"]
[EventDate "2009.12.26"]
[EventType "swiss"]
[EventRounds "7"]
[EventCountry "ESP"]
[Source "lmi"]
[SourceDate "2009.12.26"]

1. e4 e5 2. Nf3 Nc6 3. Bc4 Bc5 4. c3 Nf6 5. d3 d6 6. h3 Bb6 7. Bb3 O-O 8. Nbd2
a6 9. Nf1 Be6 10. Be3 Bxb3 11. Qxb3 Na5 12. Qc2 c5 13. Ng3 Bc7 14. O-O Nc6 15.
Rfd1 b5 16. Rac1 a5 17. d4 exd4 18. cxd4 Nb4 19. Qb1 c4 20. Ne1 d5 21. a3 Bxg3
22. fxg3 Nc6 23. e5 Ne4 24. Kh2 b4 25. Rxc4 dxc4 26. Qxe4 Ne7 27. axb4 axb4 28.
d5 Ng6 29. Nf3 c3 30. Qxb4 c2 31. Rd3 Ra1 32. Qc3 Qc8 33. Qxc8 Rxc8 34. d6 c1=Q
35. Bxc1 Raxc1 36. d7 Rd8 37. e6 fxe6 38. Ng5 Nf8 0-1

[Event "Madrid ch 2009-2010 Sub 18"]
[Site "Madrid ESP"]
[Date "2010.01.03"]
[Round "7.8"]
[White "Garcia Amodia, Daniel"]
[Black "Corisco Beltran, Rafael"]
[Result "1/2-1/2"]
[WhiteElo "2002"]
[BlackElo "1822"]
[PlyCount "85"]
[EventDate "2009.12.26"]
[EventType "swiss"]
[EventRounds "7"]
[EventCountry "ESP"]
[Source "lmi"]
[SourceDate "2009.12.26"]

1. d4 Nf6 2. Nf3 g6 3. Nc3 d5 4. Bf4 Bg7 5. e3 O-O 6. Bd3 c6 7. Qe2 a5 8. Na4
b5 9. Nc5 Nbd7 10. Nxd7 Bxd7 11. O-O Bg4 12. h3 Bxf3 13. Qxf3 a4 14. a3 Qc8 15.
c3 Qe6 16. Qe2 Ne4 17. f3 Nd6 18. Bxd6 Qxd6 19. Rad1 e5 20. dxe5 Qxe5 21. e4
dxe4 22. Qxe4 Qc5+ 23. Kh1 Rfe8 24. Qh4 Re6 25. Bb1 Rae8 26. Ba2 Re2 27. Rd7
R2e7 28. Rfd1 Qe5 29. R7d2 Bf6 30. Qf2 Qe3 31. Kg1 Bh4 32. Qxe3 Rxe3 33. Rd7
Re1+ 34. Rxe1 Rxe1+ 35. Kh2 Be7 36. c4 Kf8 37. cxb5 cxb5 38. Bd5 Re2 39. Kg3
Rxb2 40. Rb7 b4 41. axb4 Rxb4 42. Rxb4 Bxb4 43. Kf4 1/2-1/2